Sistema de calidad : instrumento de cambio para optimizar las organizaciones /

Shranjeno v:
Bibliografske podrobnosti
Glavni avtor: Cruz Blázquez, Julio de la (autor)
Format: Knjiga
Jezik:španščina
Izdano: Madrid, España : Dossat, 1998, c1998
Serija:(Economía, Organización de Empresas, Calidad)
Teme:
Oznake: Označite
Brez oznak, prvi označite!

MARC

LEADER 00000nam^a2200000^a^4500
001 000154316
005 20250521000000.0
009 20260310100350.961
020 |a 84-930016-0-0 
037 |a Acervo ITESO - Biblioteca 
041 |a ESP 
082 |a 658. 4063  |b CRU 
100 |a Cruz Blázquez, Julio de la  |e (autor) 
245 1 0 |a Sistema de calidad :  |b instrumento de cambio para optimizar las organizaciones /  |c J. de la Cruz Blázquez ; pról. de Manuel Blanco Vidal ; introd. de Carlos Medrano Rodríguez. 
264 4 |a Madrid, España :  |b Dossat,  |c 1998, c1998 
300 |a 299 p. 
336 |a texto  |b txt  |2 rdacontenido 
337 |a sin mediación  |b n  |2 rdamedio 
338 |a volumen  |b nc  |2 rdasoporte 
440 1 |a (Economía, Organización de Empresas, Calidad) 
649 |a XX 
650 |a Calidad Total 
650 |a Proceso Administrativo -  |x Dirección 
650 |a Empresas -  |x Administración 
650 |a Ciencias Administrativas 
910 |a Fondo General 
920 |a Impresos - Libros 
930 |a Colección General 
905 |a 101 
901 |a 0500086369  |b IT1  |c ACC  |u 20250521 
902 |a https://opac.biblio.iteso.mx/vufind/Record/000154316